[Event "SVK-ch U16"]
[Site "Stara Lubovna"]
[Date "2021.06.27"]
[Round "2"]
[White "Pramuk, Filip"]
[Black "Grec, Jan Alexander"]
[Result "0-1"]
[WhiteElo "1000"]
[BlackElo "1898"]
[PlyCount "56"]
[EventDate "2021.06.26"]
[EventType "swiss"]
[EventRounds "9"]
[EventCountry "SVK"]
[SourceTitle "CBM 203 Extra"]
[Source "ChessBase"]
[SourceDate "2021.09.30"]
[SourceVersion "1"]
[SourceVersionDate "2021.09.30"]
[SourceQuality "1"]

1. d4 d5 2. c4 c6 3. Nc3 Nf6 4. Nf3 dxc4 5. e4 b5 6. a4 b4 7. e5 bxc3 8. exf6 cxb2 9. Bxb2 exf6 10. Bxc4 Bb4+ 11. Nd2 0-0 12. 0-0 Ba6 13. Bxa6 Nxa6 14. Nf3 Qd5 15. Qd3 Nc7 16. Ba3 Bxa3 17. Rxa3 Rab8 18. Re1 Ne6 19. Qe3 Rfd8 20. Rd1 Rb4 21. Rad3 Rxa4 22. h3 h6 23. R3d2 a5 24. g4 Rb4 25. Qc3 Rb3 26. Qa1 Qxf3 27. Qxa5 Rdb8 28. Qa1 Nf4 0-1

[Event "EU-ch Online U16"]
[Site "Tornelo INT"]
[Date "2020.09.18"]
[Round "1"]
[White "Grec, Jan Alexander"]
[Black "Ivanovic, Marko"]
[Result "0-1"]
[WhiteElo "1556"]
[BlackElo "2004"]
[PlyCount "70"]
[EventDate "2020.09.18"]
[EventType "swiss (rapid)"]
[EventRounds "9"]
[EventCountry "NET"]
[SourceTitle "EXT 2023"]
[Source "ChessBase"]
[SourceDate "2022.10.05"]
[SourceVersion "1"]
[SourceVersionDate "2022.10.05"]
[SourceQuality "1"]
[WhiteTeam "Slovakia"]
[BlackTeam "Serbia"]
[WhiteTeamCountry "SVK"]
[BlackTeamCountry "SRB"]

1. c4 c5 2. Nc3 Nc6 3. g3 g6 4. Bg2 Bg7 5. e3 e5 6. Nge2 Nge7 7. 0-0 0-0 8. Rb1 d6 9. a3 a5 10. Nd5 Be6 11. h3 Rb8 12. Nec3 f5 13. d3 h6 14. b4 axb4 15. axb4 cxb4 16. Nxb4 Nxb4 17. Rxb4 e4 18. d4 Rc8 19. Qa4 Nc6 20. Rxb7 Na5 21. Rb4 Bxc4 22. Rd1 Bd3 23. Bd2 Nc4 24. Be1 Qc7 25. Bf1 Bxf1 26. Kxf1 Qf7 27. Rc1 g5 28. Ne2 d5 29. Nc3 f4 30. gxf4 gxf4 31. Nxd5 Nxe3+ 32. Nxe3 Rxc1 33. Ng4 Qh5 34. Qb3+ Kh8 35. Rb7 f3 0-1

[Event "SVK-ch U14"]
[Site "Liptovsky Mikulas"]
[Date "2019.04.25"]
[Round "4"]
[White "Orgon, Patrik"]
[Black "Grec, Jan Alexander"]
[Result "1-0"]
[WhiteElo "1545"]
[BlackElo "1714"]
[PlyCount "63"]
[EventDate "2019.04.23"]
[EventType "swiss"]
[EventRounds "9"]
[EventCountry "SVK"]
[SourceTitle "CBM 190 Extra"]
[Source "ChessBase"]
[SourceDate "2019.07.15"]
[SourceVersion "1"]
[SourceVersionDate "2019.07.15"]
[SourceQuality "1"]

1. e4 c5 2. Nf3 e6 3. d4 cxd4 4. Nxd4 a6 5. Bd3 Nf6 6. Qe2 d6 7. c3 Qc7 8. 0-0 Be7 9. Be3 Nbd7 10. Nd2 0-0 11. f4 b6 12. Rf3 Bb7 13. Rg3 Kh8 14. Rf1 Nc5 15. Bf2 Ncd7 16. Be3 b5 17. Rh3 Nc5 18. Bf2 e5 19. fxe5 dxe5 20. Nf5 Rad8 21. Bb1 Ne6 22. Bh4 Nf4 23. Rxf4 exf4 24. Bxf6 Qb6+ 25. Bd4 Bc5 26. Nb3 Bxd4+ 27. cxd4 Qg6 28. e5 f3 29. Qf1 fxg2 30. Qe1 Qb6 31. Rxh7+ Kxh7 32. Qh4+ 1-0

[Event "SVK-ch U14"]
[Site "Liptovsky Mikulas"]
[Date "2019.04.24"]
[Round "2"]
[White "Bochnicka, Vladimir1111"]
[Black "Grec, Jan Alexander"]
[Result "1/2-1/2"]
[WhiteElo "2079"]
[BlackElo "1714"]
[PlyCount "73"]
[EventDate "2019.04.23"]
[EventType "swiss"]
[EventRounds "9"]
[EventCountry "SVK"]
[SourceTitle "CBM 190 Extra"]
[Source "ChessBase"]
[SourceDate "2019.07.15"]
[SourceVersion "1"]
[SourceVersionDate "2019.07.15"]
[SourceQuality "1"]

1. e4 c5 2. Nf3 e6 3. d4 cxd4 4. Nxd4 a6 5. Bd3 Nf6 6. 0-0 Qc7 7. Qe2 d6 8. c4 Be7 9. Nc3 Nbd7 10. f4 0-0 11. Bc2 b6 12. Kh1 Bb7 13. f5 e5 14. Nf3 Rac8 15. Bd3 Nc5 16. Bb1 Rfe8 17. Bd2 Qb8 18. b4 Ncd7 19. Bd3 Qa8 20. Rac1 a5 21. a3 Nb8 22. Nd5 Nxd5 23. cxd5 Nd7 24. Bb5 Red8 25. Rxc8 Bxc8 26. Rc1 axb4 27. axb4 Nb8 28. Bg5 f6 29. Be3 Qa7 30. Qf2 Qa3 31. Rc7 Bd7 32. Bc6 Qxb4 33. Bxb6 Bxc6 34. Rxe7 Re8 35. dxc6 Rxe7 36. c7 Re8 37. Qa2+ 1/2-1/2

[Event "SVK-ch U14"]
[Site "Liptovsky Mikulas"]
[Date "2018.04.25"]
[Round "7"]
[White "Grec, Jan Alexander"]
[Black "Priechodsky, Radovan"]
[Result "1-0"]
[WhiteElo "1614"]
[BlackElo "1679"]
[PlyCount "43"]
[EventDate "2018.04.21"]
[EventType "swiss"]
[EventRounds "9"]
[EventCountry "SVK"]
[SourceTitle "CBM 184 Extra"]
[Source "ChessBase"]
[SourceDate "2018.06.28"]
[SourceVersion "1"]
[SourceVersionDate "2018.06.28"]
[SourceQuality "1"]

1. c4 b6 2. Nc3 Bb7 3. Nf3 e6 4. g3 Nf6 5. Bg2 Be7 6. d4 0-0 7. 0-0 d5 8. cxd5 Nxd5 9. Nxd5 Bxd5 10. Bf4 Nd7 11. Ne5 Nxe5 12. Bxe5 Bxg2 13. Kxg2 Bf6 14. Bxf6 Qxf6 15. Rc1 Rac8 16. Rc6 Rfd8 17. e3 Qf5 18. Qf3 Qb5 19. Rfc1 Qxb2 20. Rxc7 Qxc1 21. Qxf7+ Kh8 22. Qxg7# 1-0

[Event "Liptovsky Mikulas V4 U15 op"]
[Site "Liptovsky Mikulas"]
[Date "2017.06.21"]
[Round "1"]
[White "Szymanska, Joanna"]
[Black "Grec, Jan Alexander"]
[Result "0-1"]
[WhiteElo "1333"]
[BlackElo "1566"]
[PlyCount "86"]
[EventDate "2017.06.21"]
[EventType "swiss"]
[EventRounds "9"]
[EventCountry "SVK"]
[SourceTitle "CBM 179 Extra"]
[Source "ChessBase"]
[SourceDate "2017.08.23"]
[SourceVersion "1"]
[SourceVersionDate "2017.08.23"]
[SourceQuality "1"]

1. e4 c5 2. d4 cxd4 3. c3 dxc3 4. Nxc3 Nf6 5. e5 Ng8 6. Nf3 Nc6 7. Bb5 e6 8. Bxc6 bxc6 9. Be3 Ba6 10. Qa4 Qc8 11. 0-0-0 Ne7 12. Rd2 Qb7 13. Rhd1 Nd5 14. Nxd5 cxd5 15. Kb1 Be7 16. Qg4 g6 17. Ng5 h6 18. Nf3 Rb8 19. Bd4 Bc4 20. Ka1 Qa6 21. b3 Rxb3 22. Rb1 Rxb1+ 23. Kxb1 0-0 24. Nh4 Rb8+ 25. Ka1 Qb5 26. Bb2 Ba3 27. Qd4 Bxb2+ 28. Rxb2 Qxb2+ 29. Qxb2 Rxb2 30. Kxb2 Kf8 31. f4 Be2 32. g3 Ke8 33. Kc3 Kd8 34. Kd4 Ke7 35. Ng2 d6 36. Ne3 dxe5+ 37. Kxe5 f6+ 38. Kd4 Kd6 39. Nc2 e5+ 40. fxe5+ fxe5+ 41. Ke3 Bc4 42. Nb4 a5 43. Nc2 Bxa2 0-1

[Event "SVK-ch U12"]
[Site "Liptovsky Mikulas"]
[Date "2017.04.25"]
[Round "5"]
[White "Grec, Jan Alexander"]
[Black "Petrek, Dominik"]
[Result "1-0"]
[WhiteElo "1404"]
[BlackElo "1464"]
[PlyCount "77"]
[EventDate "2017.04.22"]
[EventType "swiss"]
[EventRounds "9"]
[EventCountry "SVK"]
[SourceTitle "CBM 178 Extra"]
[Source "ChessBase"]
[SourceDate "2017.06.22"]
[SourceVersion "1"]
[SourceVersionDate "2017.06.22"]
[SourceQuality "1"]

1. d4 d5 2. c4 c6 3. Nc3 Nf6 4. Bg5 e6 5. e3 Nbd7 6. c5 Be7 7. Nf3 0-0 8. Rc1 Qc7 9. Bf4 Qa5 10. Bd3 b6 11. Qa4 Qxa4 12. Nxa4 Bb7 13. 0-0 Rfc8 14. h3 b5 15. Nc3 h6 16. Rc2 a6 17. a3 Kf8 18. Rfc1 Ra7 19. Nd2 Nh5 20. Bh2 Kg8 21. Nb3 Bd8 22. e4 Nhf6 23. Bd6 Bc7 24. e5 Ne8 25. Bxc7 Nxc7 26. Na5 Rb8 27. Na2 Rc8 28. Nb4 Nb8 29. f4 g6 30. Kh2 Ne8 31. g4 Ng7 32. Rg2 Kf8 33. Rcg1 Ke7 34. f5 exf5 35. gxf5 Nxf5 36. Bxf5 gxf5 37. Rg8 Rf8 38. R1g7 h5 39. e6 1-0